00960cam a2200253 a 450000100100000000500170001000800410002702000150006804000250008304100380010808200170014610000330016324501140019626000320031030000210034253400360036365000250039965000390042470000380046370000360050191000340053795201200057199900150069100000401020200929150650.0980408s1999 flu 000 f spa  a0789905779 aDO-SdBNPbspacBNPHU17aspaheng2Código de idioma MARC a823.3bL183c1 aLaHaye, Tim F.d1926-91200110aCosecha de almas :bel mundo toma partido /cTim LaHaye y Jerry B. Jenkins ; traducción, Nellyda Pablovsky. aMiami, FL :bUnilit,c1999. a327 p. ;c21 cm. aTítulo original: Soul harvest 4aNovela inglesa91071 4aLiteratura inglesaySIGLO XX943691 aJenkins, Jerry B.,d1949 -9120021 aPablovsky, Nellyda,etr.910557 aCatalogación por copia / LC 001052708MOaGRbGRcHDd2009-07-16iLF1l0o823.3 L183cp4010-10r2020-06-25w2020-06-25y2ZPréstamo interno c3829d3829